000 00710nam a2200229Ia 4500
003 OSt
005 20220926021114.0
006 a|||||r|||| 00| 0
007 ta
008 220923b |||||||| |||| 00| 0 eng d
037 _cGeneral Book
040 _aRTL
_cRTL
_beng
041 _2eng
_aeng
082 _aV1N45 , 93 : 8 . N67, K7
110 _aUNITED NATIONS , GENERAL ASSEMBLY .
_999298
245 0 _aReport of the security council 16th july 1966 - 15th july 1967 .
260 _aNew York
_bU . N
_c1967
300 _avi , 112
_ccm.
700 _aUNITED NATIONS , GENERAL ASSEMBLY .
_999299
942 _hV1N45 , 93 : 8 . N67, K7
_cGB
_2CC
999 _c635781
_d635781